| 000 | 00780nam a22001937a 4500 | ||
|---|---|---|---|
| 999 |
_c13099 _d13099 |
||
| 003 | AR-CdUCM | ||
| 008 | 190411b ||||| |||| 00| 0 spa d | ||
| 040 |
_aMUNICIPALIDAD PROVINCIAL DEL CUSCO _cBIBLIOTECA MUNICIPAL DEL CUSCO |
||
| 082 |
_a709.8501 / _bM92 / 1936 |
||
| 110 |
_aMuseo Nacional de Lima _929961 |
||
| 245 | _aMuestras de arte antiguo del Perú / | ||
| 260 |
_aLima : _bImpr. del Museo Nacional, _c1936. |
||
| 300 |
_a184 páginas ; _bIlustraciones, _c24 cm. |
||
| 505 | _aContenido: Un criterio para estudiar el arte peruano -- El Perú como centro de domesticación de plantas y animales -- Muestrario de arte peruano precolombino ... | ||
| 650 |
_aArte peruano _95992 |
||
| 650 |
_aÉpoca Prehispánica _92714 |
||
| 942 |
_2ddc _cLIBROS |
||
| 945 |
_aacv _d2019-04-11 |
||